00599 2200193 4500001002100000005001500021035002000036007000300056008003900059082001000098084001700108100001900125245014400144260004100288300004200329650001100371650001000382022001300392INLIS00000000000094620240909090426 a0010-0924000024ta240909 | | |  a635.6 a635.6 CHE o0 aChengshun Wang1 aOptimizing Tomato Cultivation: Impact of Ammonium–Nitrate Ratios on Growth, Nutrient Uptake, and Fertilizer Utilization /cChengshun Wang aSwitzerland, Basel :bMDPI AG,c2024 a1-13 hlm, :bilus, ;c21 cm X 29,5 cm 4aJurnal 4aTomat a20711050